Statistiques concernant Vocabulaire Anglais

Cliquez ici pour prendre le quiz!

Statistiques générales

  • Ce quiz a été pris 190 fois
  • Le résultat moyen est 10 sur 15

Statistiques - réponses

FrançaisAnglais% Correct
BleuBlue
100%
RêveDream
100%
VertGreen
100%
VioletPurple
100%
VoirSee
100%
JauneYellow
100%
ChatCat
98%
ChevalHorse
98%
ŒufEgg
97%
MangéEaten
95%
ReineQueen
95%
SelSalt
94%
HuileOil
93%
PenserThink
92%
BateauBoat
89%
Terre (Planète)Earth
86%
CroireBelieve
85%
MurWall
81%
EnseignerTeach
80%
MocheUgly
80%
CrayonPencil
78%
HerbeGrass
75%
StadeStadium
75%
TortueTurtle
72%
LangueTongue
71%
IncroyableIncredible
70%
CarréSquare
61%
UsineFactory
56%
ÉnormeHuge
55%
CoquillageShell
54%
OsBones
53%
SolGround
49%
PierreStone
49%
CorbeauRaven
39%
DiplomatieDiplomacy
36%
PostulerApply
32%
MéduseJellyfish
29%
TuyauPipe
20%
BetteraveBeetroot
19%
Poisson-GlobePufferfish
13%
RobinetTap
11%
PommadeOintment
9%
SelleSaddle
9%
GrueCrane
7%
GourdeFlask
7%

Distribution des résultats

Percentile par nombre de réponses

% des personnes avec chaque résultat

Votre développement - résultats

Vous n’avez pas pris ce quiz